000 00530nam a2200181Ia 4500
008 151018s9999 xx 000 0 und d
082 _bRBASDV19090
_a891.463
100 _aवि य कुलकर्णी
245 _aझाकोळ
250 _b1
260 _bआरती प्रकाशन ठाणे
_c1986
300 _a176
600 _aवि य कुलकर्णी
630 _aझाकोळ
700 _aवि य कुलकर्णी
730 _aझाकोळ
942 _cBOOK
999 _c1019732
_d1019729